Cuando los cuentos crecen / (Registro nro. 12210)

Detalles MARC
000 -LIDER
fixed length control field 00742nam a22002417a 4500
001 - NÚMERO DE CONTROL
Identificador de número de control 0007016
003 - IDENTIFICACDOR DE NÚMERO DE CONTROL
control field DO-SdBNP
005 - DATE AND TIME OF LATEST TRANSACTION
control field 20180122130915.0
007 - CAMPOS FIJOS DE DESCRIPCIÓN FÍSICA
fixed length control field 0007016
008 - ELEMENTOS DE LONGITUD FIJA
fixed length control field 161201b 2006 cr a ||||| |||| 00| 0 spa d
020 ## - ISBN
International Standard Book Number 9977952213
040 ## - FUENTE DE CATALOGACIÓN
Agencia que crea de manera original el registro BPMSU
Idioma de catalogación spa
Agencia que realiza la transcripción BPMSU
100 1# - ASIENTO PRINCIPAL -- NOMBRE PERSONAL
Nombre personal Ugalde, Evelyn,
Fechas asociadas con el nombre 1975-
245 10 - MENCIÓN DE TITULO
Título Cuando los cuentos crecen /
Mención de responsabilidad Evelyn Ugalde ; ilustraciones de Manuel Solano Z.
260 ## - PUBLICACIÓN, DISTRIBUCIÓN, ETC. (PIE DE IMPRENTA)
Lugar de publicación, distribución, etc San José, Costa Rica :
Nombre del editor, distribuidor, etc. [Atabal],
Fecha de publicación, distribución, etc 2006.
300 ## - DESCRIPCIÓN FÍSICA
Extensión 82 p. :
Otros detalles físicos il. ;
Dimensiones cm.
500 ## - NOTA GENERAL
Nota general En la portada "El más pesado".
500 ## - NOTA GENERAL
Nota general Apartir de 3 a 5 años
700 1# - ASIENTO SECUNDARIO -- NOMBRE PERSONAL
Nombre personal Solano Z., Manuel,
Mención de responsabilidad il.
942 ## - ADDED ENTRY ELEMENTS (KOHA)
Source of classification or shelving scheme Dewey Decimal Classification
Koha item type Libros
945 ## - INFORMACIÓN DE PROCESAMIENTO LOCAL
Información de procesamiento local Inventariado, 2018/MFF
956 ## - LOCAL ELECTRONIC LOCATION AND ACCESS (OCLC)
Método de acceso LOPEREZ
Materiales especificados 10
Enlace 20161201
Campo enlazado y núm. de secuencia BPMSU
Nombre de host 00041
Existencias
Withdrawn status Lost status Source of classification or shelving scheme Damaged status Not for loan Collection code Home library Current library Date acquired Source of acquisition Total Checkouts Barcode Date last seen Price effective from Koha item type
    Dewey Decimal Classification     Colección Infantil General Biblioteca Pública Metropolitana Salomé Ureña Biblioteca Pública Metropolitana Salomé Ureña 12/01/2016 Sin sellar   BPMSU16120019 12/01/2016 12/01/2016 Libros